Autonoma̕ de la voluntad y negocios jurd̕icos de familia

Detalles Bibliográficos
Autor principal: Amunt̀egui Rodrg̕uez, Cristina de
Otros Autores: Serrano Gm̤ez, Eduardo (coaut.)
Formato: Desconocido
Lenguaje:español
Publicado: Madrid : Dykinson, D.L. 2010
Materias:
Acceso en línea:Acceso restringido

MARC

LEADER 00000ny a22000003n 4500
005 20110623144537.0
008 100928s2010 sp 001 0 spa d
020 |a 9788498497984 
035 |a 5026 
040 |a BUS  |d vLex 
090 |c 1080  |d 1080 
100 1 |a Amunt̀egui Rodrg̕uez, Cristina de  
245 1 0 |a Autonoma̕ de la voluntad y negocios jurd̕icos de familia  |h [Recurso electrn̤ico]  |c Cristina de Amunt̀egui Rodrg̕uez, Eduardo Serrano Gm̤ez  
256 |a Servicio en ln̕ea 
260 |a Madrid :  |b Dykinson,  |c D.L. 2010 
300 |a p. ;  |c cm 
506 1 |a Contenido solo disponible en los productos indicados  |d vLex Global  |d vLex Global (Academic Edition, excluding Law Schools)  |d vLex Global (U.S. Academic Edition, Law Schools)  |d vLex Global (U.S. Academic Edition, excluding Law Schools)  |d vLex Global (Academic Edition, Law Schools) 
650 0 7 |a Autonoma̕ de la voluntad  |2 Tesauro vLex 
650 0 7 |a Negocios jurd̕icos  |2 Tesauro vLex 
650 0 7 |a Negocios familiares  |2 Tesauro vLex 
650 0 7 |a Obligaciones  |2 Tesauro vLex 
650 0 7 |a Contratos  |2 Tesauro vLex 
700 1 |a Serrano Gm̤ez, Eduardo,  |e coaut. 
740 0 |a vLex Libros (Servicios en ln̕ea) 
856 4 0 |u http://vlex.com/source/5026  |z Acceso restringido 
942 |c BOOK